Aztec city-state capitals / (Record no. 352888)
[ view plain ]
| 000 -LEADER | |
|---|---|
| fixed length control field | 01205 a2200325 4500 |
| 003 - CONTROL NUMBER IDENTIFIER | |
| control field | OSt |
| 005 - DATE AND TIME OF LATEST TRANSACTION | |
| control field | 20180116192350.0 |
| 008 - FIXED-LENGTH DATA ELEMENTS--GENERAL INFORMATION | |
| fixed length control field | 120531t xxu||||| |||| 00| 0 eng d |
| 010 ## - LIBRARY OF CONGRESS CONTROL NUMBER | |
| LC control number | 2007051493 |
| 020 ## - INTERNATIONAL STANDARD BOOK NUMBER | |
| International Standard Book Number | 9780813032450 (alk. paper) |
| 020 ## - INTERNATIONAL STANDARD BOOK NUMBER | |
| International Standard Book Number | 0813032458 (alk. paper) |
| 035 ## - SYSTEM CONTROL NUMBER | |
| System control number | (OCoLC)ocn185033302 |
| 035 ## - SYSTEM CONTROL NUMBER | |
| System control number | (OCoLC)185033302 |
| 040 ## - CATALOGING SOURCE | |
| Transcribing agency | 0 |
| 082 00 - DEWEY DECIMAL CLASSIFICATION NUMBER | |
| Classification number | 972.00973 |
| 100 1# - MAIN ENTRY--PERSONAL NAME | |
| Personal name | Smith, Michael Ernest, |
| 9 (RLIN) | 3169 |
| 245 10 - TITLE STATEMENT | |
| Title | Aztec city-state capitals / |
| Statement of responsibility, etc. | Michael E. Smith ; foreword by Marilyn A. Masson and John W. Janusek. |
| 260 ## - PUBLICATION, DISTRIBUTION, ETC. | |
| Place of publication, distribution, etc. | Gainesville : |
| Name of publisher, distributor, etc. | University Press of Florida, |
| Date of publication, distribution, etc. | c2008. |
| 300 ## - PHYSICAL DESCRIPTION | |
| Extent | xv, 255 p. : |
| Other physical details | ill., maps ; |
| Dimensions | 24 cm. |
| 440 #0 - SERIES STATEMENT/ADDED ENTRY--TITLE | |
| Title | Ancient cities of the new world |
| 9 (RLIN) | 3170 |
| 650 10 - SUBJECT ADDED ENTRY--TOPICAL TERM | |
| Topical term or geographic name entry element | Aztecs |
| General subdivision | Urban residence. |
| 9 (RLIN) | 3171 |
| 650 10 - SUBJECT ADDED ENTRY--TOPICAL TERM | |
| Topical term or geographic name entry element | Aztec architecture. |
| 9 (RLIN) | 3172 |
| 650 10 - SUBJECT ADDED ENTRY--TOPICAL TERM | |
| Topical term or geographic name entry element | Aztecs |
| General subdivision | Antiquities. |
| 9 (RLIN) | 3173 |
| 650 10 - SUBJECT ADDED ENTRY--TOPICAL TERM | |
| Topical term or geographic name entry element | City planning |
| Geographic subdivision | Mexico |
| General subdivision | History. |
| 9 (RLIN) | 3174 |
| 650 10 - SUBJECT ADDED ENTRY--TOPICAL TERM | |
| Topical term or geographic name entry element | City-states |
| Geographic subdivision | Mexico |
| General subdivision | History. |
| 9 (RLIN) | 3175 |
| 651 10 - SUBJECT ADDED ENTRY--GEOGRAPHIC NAME | |
| Geographic name | Mexico |
| General subdivision | Antiquities. |
| 9 (RLIN) | 3176 |
| 856 41 - ELECTRONIC LOCATION AND ACCESS | |
| Materials specified | Table of contents only |
| Uniform Resource Identifier | <a href="http://www.loc.gov/catdir/toc/ecip087/2007051493.html">http://www.loc.gov/catdir/toc/ecip087/2007051493.html</a> |
| 942 ## - ADDED ENTRY ELEMENTS (KOHA) | |
| Institution code [OBSOLETE] | SADA |
| Koha item type | Book |
| Call number prefix | 972.00973 SMI 2008 |
| Source of classification or shelving scheme | |
| Withdrawn status | Lost status | Source of classification or shelving scheme | Damaged status | Not for loan | Permanent Location | Current Location | Date acquired | Total Checkouts | Full call number | Barcode | Date last seen | Date last checked out | Cost, replacement price | Price effective from | Koha item type |
|---|---|---|---|---|---|---|---|---|---|---|---|---|---|---|---|
| School of Art Design and Architecture (SADA) | School of Art Design and Architecture (SADA) | 04/18/2011 | 1 | 972.00973 SMI 2008 | SADA0000926 | 12/16/2015 | 11/27/2015 | 2072.00 | 08/05/2011 | Book |
